Normal view
MARC view
- Audouze, J.
Entry Personal Name
001 - CONTROL NUMBER
- control field: 8519
003 - CONTROL NUMBER IDENTIFIER
- control field: NUST
005 - DATE AND TIME OF LATEST TRANSACTION
- control field: 20180117111854.0
008 - FIXED-LENGTH DATA ELEMENTS
- fixed length control field: 180117|| aca||aabn | a|a d
040 ## - CATALOGING SOURCE
- Original cataloging agency: NUST
- Transcribing agency: NUST
100 ## - HEADING--PERSONAL NAME
- Personal name: Audouze, J.
670 ## - SOURCE DATA FOUND
- Source citation: Work cat.: (NUST)28766: Audouze, J., Accretion processes in astrophysics. proceedings of the twenty-first rencontre d /, 1986.
